00317nam a2200121Ia 4500008004100000020001500041041001200056100001700068245006200085260002500147300000800172650001500180221030s9999 xx 000 0 und d a9352025688 aEnglish aM. N. Mishra 0aSales Promotion & Advertising Managementcby M. N. Mishra bHPHaNew Delhic2015 a355 aManagement